000 00374 a2200157 4500
001 192460
020 _a
040 _cMagnum
100 _aAudy, Jorge Kotick
240 1 0 _aJogos 360°: guia de jogos para facilitadores
_lpor
245 1 0 _aJogos 360°: guia de jogos para facilitadores
300 _a144
362 0 _a2015
697 _aLITERATURA GERAL
942 _cBK
999 _c192460
_d192460